Comentarios al Cd̤igo Civil y compilaciones forales

Detalles Bibliográficos
Otros Autores: Albaladejo Garca̕, Manuel (Conductor), Durǹ Rivacoba, Ramn̤ (Compilador), Nagore Yr̀noz, J. Javier (Compilador), Ors, Alvaro d' (Compilador)
Formato: Desconocido
Lenguaje:español
Publicado: Madrid : Revista de Derecho Privado : Editoriales de Derecho Reunidas, 1990
Edición:Servicio en ln̕ea
Materias:
Acceso en línea:Acceso restringido

MARC

LEADER 00000ny a22000003n 4500
005 2011060603463.0
008 970410s1990 sp s 000 0 spa c
020 |a 847130838X 
035 |a 685 
040 |a UMA.RE  |d vLex 
080 |a 347(460)(0.034) 
080 |a 347(460.16)(0.034) 
090 |c 486  |d 486 
245 0 0 |a Comentarios al Cd̤igo Civil y compilaciones forales  |h [Recurso electrn̤ico]  |c dirigidos por Manuel Albaladejo 
250 |a Servicio en ln̕ea 
256 |a Servicio en ln̕ea. 
260 |a Madrid :  |b Revista de Derecho Privado :  |b Editoriales de Derecho Reunidas,  |c 1990 
505 0 |t Tomo XXXVI, Vol 2©Œ, Leyes 82 a 147 de la Compilacin̤ o Fuero Nuevo de Navarra /  |r comentadas por aÌ‚Alvaro d'Ors y Ramn̤ Duran Rivacoba, J. Javier Nagore Yr̀noz 
506 1 |a Contenido solo disponible en los productos indicados  |d vLex Global  |d vLex Global (Academic Edition, excluding Law Schools)  |d vLex Global (U.S. Academic Edition, Law Schools)  |d vLex Global (U.S. Academic Edition, excluding Law Schools)  |d vLex Global (Academic Edition, Law Schools) 
650 0 4 |2 Tesauro vLex  |a Civil 
650 0 4 |2 Tesauro vLex  |a Cd̤igo civil 
650 0 4 |2 Tesauro vLex  |a Derecho foral de Navarra 
650 0 4 |2 Tesauro vLex  |a Leyes de compilacin̤ 
700 1 |a Albaladejo Garca̕, Manuel,  |e dir 
700 1 |a Durǹ Rivacoba, Ramn̤,  |e com 
700 1 |a Nagore Yr̀noz, J. Javier,  |e com 
700 1 |a Ors, Alvaro d',  |e com 
740 0 |a vLex Libros (Servicios en ln̕ea) 
856 4 0 |z Acceso restringido  |u http://vlex.com/source/685 
942 |c BOOK